Aims and methods of vegetation ecology /

محفوظ في:

المؤلف الرئيسي: Mueller-Dombois, Dieter, 1925-

مؤلفون آخرون: Ellenberg, Heinz, 1913- (joint author)

التنسيق: كتاب

اللغة: English

منشور في: New York : Wiley, [1974].

الموضوعات:

الوسوم: إضافة وسم

لا توجد وسوم, كن أول من يضع وسما على هذه التسجيلة!

رقم الطلب: QK901 .M92

LEADER 00683nam a22002177a 4500
003 OSt
005 20251117132344.0
008 251117t1974 nyua b 00110 eng u
020 |a 0471622907 
040 |c ARCE Library 
050 1 4 |a QK901  |b .M92 
100 1 |a Mueller-Dombois, Dieter,   |d 1925- 
245 1 0 |a Aims and methods of vegetation ecology /   |c [by] Dieter Mueller-Dombois [and] Heinz Ellenberg. 
264 1 |a New York :  |b Wiley,  |c [1974]. 
300 |a xx, 547 p. :   |b illus. ;   |c 23 cm. 
504 |a Bibliography: p. 499-525. 
650 0 |a Plant ecology -- Methodology. 
700 1 |a Ellenberg, Heinz,   |d 1913-   |e joint author 
901 |a reviewed 
942 |2 lcc  |c BK 
999 |c 48737  |d 48737